Prehľad platných výnosov MPSR a MZSR, ktorými sa vydávajú, dopĺňajú a menia časti Potravinového kódexu SR - k 15. decembru 2001

Dokončenie zo Slovenského výberu č. 1/02. Ďalšia časť platných výnosov MPSR a MZSR, ktorými sa vydávajú, dopĺňajú a menia časti Potravinového kódexu SR k 15. decembru 2001.

Salvato in:
Dettagli Bibliografici
Autore principale: Janeková, Katarína
Natura: Capitolo di libro
Lingua:slovacco
Soggetti:
Tags: Aggiungi Tag
Nessun Tag, puoi essere il primo ad aggiungerne!!

MARC

LEADER 00000naa a2200000 4500
001 r044184
005 20231002114535.6
041 0 |a slo 
044 |a SK 
245 1 0 |a Prehľad platných výnosov MPSR a MZSR, ktorými sa vydávajú, dopĺňajú a menia časti Potravinového kódexu SR - k 15. decembru 2001  |c Katarína Janeková 
520 |a Dokončenie zo Slovenského výberu č. 1/02. Ďalšia časť platných výnosov MPSR a MZSR, ktorými sa vydávajú, dopĺňajú a menia časti Potravinového kódexu SR k 15. decembru 2001. 
610 2 0 |a kódexy 
610 2 0 |a potravinárstvo 
610 2 0 |a Slovensko 
100 1 |a Janeková, Katarína